000 00704nam a2200157 a 4500
008 090420s1992 ||||||||||||||||| || u
050 _aGOV.ZAM(02)1992/5
100 _aKantumoya, Albert
245 1 4 _aThe state of libraries in teacher training colleges in Zambia: final report
_cby Albert Kantumoya, Saul Zulu, Vitalicy Chifwepa and Trywell Kalusopa
260 _aLusaka
_bFINNIDA
_c1992
300 _aiv, 93p.: ill.
350 _a0.00
650 _aLIBRARIES--HANDBOOKS, MANUALS, ETC
650 _aLIBRARIES, UNIVERSITY AND COLLEGE--ZAMBIA
995 _D0.00
_FCBU-MAIN LIBRARY (Kitwe)
_H1
_I0.00
_M1
_UAVAILABLE
_WApr 20, 2009
_ZZambiana Collection
999 _c58215
_d58215